Byť najlepší riaditeľ VŠC Dukla Banská Bystrica podplukovník Roman Benčík

Podrobná bibliografia
Hlavný autor: Vitko, Pavol, 1964- (Autor, Tazateľ)
Ďalší autori: Kelement, Ivan, 1967- (Fotograf)
Médium: Článok
Jazyk:slovenčina
PhysicalDescription:Fotogr.
ISSN:1336-1910
Predmet:
On-line prístup:http://www.mosr.sk/data/disk/casopis/Obrana_11_2017.pdf

MARC

LEADER 00000nab a2200000 a 4500
001 vtls011724114
003 SK-MaSNL
005 20260304133304.0
008 171128 2017 xo 000 0 slo
015 |a SNBRB2017/11  |2 LMAOSK 
040 |a LMAOSK  |b slo  |c LMAOSK  |e AACR2 
041 0 |a slo 
043 |a e-xo--- 
044 |a xo  |c SK 
080 |a 796.071.2  |2 2011 
080 |a 796/799:061  |2 2011 
080 |a (046)  |2 2011 
080 |a (047.53)  |2 2011 
100 1 |a Vitko, Pavol,  |d 1964-  |4 aut  |4 ivr  |9 219103 
245 1 0 |a Byť najlepší  |b riaditeľ VŠC Dukla Banská Bystrica podplukovník Roman Benčík  |c text Pavol Vitko ; foto Ivan Kelement 
300 |b Fotogr. 
600 1 7 |a Benčík, Roman  |d 1962-  |2 LMAOSK  |9 1450146 
610 2 7 |a Vojenské športové centrum Dukla (Banská Bystrica, Slovensko)  |2 LMAOSK  |9 265788 
610 2 7 |a Dukla Banská Bystrica  |2 LMAOSK  |9 73249 
648 7 |a 1967-2017  |2 LMAOSK  |9 560502 
650 0 7 |a 50. výročie  |2 LMAOSK  |9 1037751 
650 0 7 |a športovci  |2 SNKPH  |9 1043 
650 0 7 |a športové kluby  |2 SNKPH  |9 70137 
655 7 |a články  |2 SNKPH  |9 70601 
655 7 |a rozhovory  |2 SNKPH  |9 31831 
700 1 |a Benčík, Roman  |4 ive  |9 1450147 
700 1 |a Kelement, Ivan,  |d 1967-  |4 pht  |9 103905 
773 0 |t Obrana  |g Roč. XXV, č. 11 (2017), s. 16-17  |x 1336-1910 
852 |a LMAOSK  |b KIS3GCP 
856 4 1 |u http://www.mosr.sk/data/disk/casopis/Obrana_11_2017.pdf 
958 |a NB 
999 |c 2900813  |d 2902743